| 000 | 00518nam a22001817a 4500 | ||
|---|---|---|---|
| 003 | OSt | ||
| 005 | 20251204134607.0 | ||
| 008 | 251204b |||||||| |||| 00| 0 eng d | ||
| 020 | _a0-08-044667-1. | ||
| 040 |
_aDWCL-Main lib _cOC |
||
| 082 | _aCirc. 338.47 In61 2005 | ||
| 100 | _aAirey, David | ||
| 245 |
_aAn international handbook of tourism education _cAirey, David |
||
| 260 |
_aAmsterdam : _bElsevier, _cc2005. |
||
| 300 |
_axi, 526 pages ; _c24 cm. |
||
| 700 | _aTribe, John | ||
| 942 |
_2ddc _cBK-CIRC _kCirc. _n0 |
||
| 999 |
_c6843 _d6843 |
||